000 00322nam a2200133Ia 4500
008 100328s9999 xx 000 0 und d
082 _b1397
100 _aGunther Johu
245 _aInside Asia Uols (II)
260 _bH.H London
630 _aInside Asia Uols (II)
730 _aInside Asia Uols (II)
942 _cBOOK
999 _c497673
_d497670